000 01006cam a22004452 4500
001 0000025285
003
005 20151217145957.0
008 150522s xx 000 0 eng d
010 _a
020 _a0695202774 :
_c
040 _aKABU
_cKABU
041 1 _a
_b
_h
100 1 _aPayne, Lucile Vaughan,
_d
_@0000185826
240 1 _a
245 1 4 _aThe Lively Art of writing :
_beffective style /
_cby Lucile Vaughan payne.
246 3 _a
250 _a
260 _aChigago :
_bFollett Publishing Company,
_c1982.
300 _a 127 p. :
_b
_c
440 0 _a
500 _a
504 _a
505 0 _a
520 _a
521 2 _a
590 _a
591 _a
_b
600 1 0 _a
_d
610 2 0 _a
_b
650 0 _aEnglish language
_xRhetoric.
_@0000152050
650 0 _aReport writing
_x
_@0000185827
651 0 _a
_x
690 _a
700 1 0 _a
_d
710 2 _a
_b
740 0 2 _a
908 _a150522
999 _c4678
_d4678